[Event "Rheinland Pfalz op 14th"]
[Site "Neuwied"]
[Date "2024.05.31"]
[Round "3"]
[White "Perske, Paul"]
[Black "Spreer, Lutz"]
[Result "1-0"]
[WhiteElo "2120"]
[BlackElo "1705"]
[PlyCount "81"]
[EventDate "2024.05.30"]
[EventType "swiss"]
[EventRounds "7"]
[EventCountry "GER"]
[SourceTitle "EXT 2025"]
[Source "ChessBase"]
[SourceDate "2024.10.14"]
[SourceVersion "1"]
[SourceVersionDate "2024.10.14"]
[SourceQuality "1"]

1. d4 Nf6 2. c4 b6 3. Nc3 Bb7 4. d5 e6 5. a3 Be7 6. e4 d6 7. Nf3 Nbd7 8. Nd4 Nc5 9. f3 a5 10. Be3 0-0 11. Be2 Qd7 12. 0-0 a4 13. Qc2 e5 14. Nf5 Nb3 15. Rad1 Bd8 16. Rd3 Ba6 17. Nxa4 Bxc4 18. Qxc4 Na5 19. Qc2 b5 20. Nc3 Nc4 21. Bf2 c6 22. dxc6 Qxc6 23. Nd5 Qd7 24. Nxf6+ Bxf6 25. Rd5 Rac8 26. Bxc4 Rxc4 27. Qd3 Qc7 28. Nxd6 Rc2 29. Nxb5 Qc6 30. b4 h5 31. Bc5 Ra2 32. Bxf8 Kxf8 33. Rc5 Qb7 34. Qd5 Qb6 35. Qxa2 Be7 36. Qf2 Qb8 37. Rfc1 Qe8 38. Rc8 Bd8 39. Nd6 Qd7 40. Rxd8+ Qxd8 41. Rc8 1-0

[Event "Rheinland Pfalz op 14th"]
[Site "Neuwied"]
[Date "2024.05.30"]
[Round "1"]
[White "Barthel, Ansgar"]
[Black "Spreer, Lutz"]
[Result "0-1"]
[WhiteElo "2065"]
[BlackElo "1705"]
[PlyCount "64"]
[EventDate "2024.05.30"]
[EventType "swiss"]
[EventRounds "7"]
[EventCountry "GER"]
[SourceTitle "CBM 220 Extra"]
[Source "ChessBase"]
[SourceDate "2024.07.31"]
[SourceVersion "1"]
[SourceVersionDate "2024.07.31"]
[SourceQuality "1"]

1. e4 d5 2. exd5 Nf6 3. d4 Nxd5 4. Nf3 g6 5. Be2 Bg7 6. 0-0 0-0 7. Re1 Nc6 8. Bg5 h6 9. Bh4 Re8 10. Na3 Nf4 11. Bb5 Bg4 12. Re4 g5 13. d5 a6 14. dxc6 axb5 15. cxb7 Rxa3 16. bxa3 Bxa1 17. Qxa1 f5 18. Rxf4 gxf4 19. Nd4 Qd5 20. h3 Bh5 21. Qc3 Qe5 22. Qb3+ Bf7 23. Qd3 Bc4 24. Qxf5 Qxf5 25. Nxf5 Rf8 26. Nxe7+ Kg7 27. Nf5+ Kg6 28. Ne7+ Kh5 29. Bf6 Be6 30. g4+ fxg3 31. fxg3 Bxh3 32. Kh2 Be6 0-1

[Event "Wiesbaden op 32nd"]
[Site "Wiesbaden"]
[Date "2023.08.26"]
[Round "5"]
[White "Spreer, Lutz"]
[Black "Joshi, Kanad"]
[Result "1/2-1/2"]
[WhiteElo "1560"]
[BlackElo "1370"]
[PlyCount "104"]
[EventDate "2023.08.24"]
[EventType "swiss"]
[EventRounds "7"]
[EventCountry "GER"]
[SourceTitle "CBM 216 Extra"]
[Source "ChessBase"]
[SourceDate "2023.11.30"]
[SourceVersion "1"]
[SourceVersionDate "2023.11.30"]
[SourceQuality "1"]

1. e4 c6 2. Nc3 d5 3. Nf3 dxe4 4. Nxe4 Bf5 5. Ng3 Bg6 6. Bc4 Nf6 7. h4 h5 8. Ne5 Qd6 9. d4 Nbd7 10. Nxg6 fxg6 11. Qd3 0-0-0 12. 0-0 Nb6 13. Be3 Ng4 14. Rfe1 Nxe3 15. Rxe3 Qxd4 16. Be6+ Kb8 17. Qb3 Nd5 18. Bxd5 Rxd5 19. Rd3 Qc5 20. Rad1 e6 21. R1d2 Be7 22. Re2 Qd6 23. Ne4 Qf4 24. g3 Qc7 25. Nc3 Rxd3 26. cxd3 e5 27. Qe6 Bf6 28. Rc2 Qe7 29. Qc4 Rd8 30. Ne4 Rd4 31. Qg8+ Rd8 32. Qb3 Rd5 33. Rxc6 Rxd3 34. Nc3 Qd7 35. Re6 Rd6 36. Rxd6 Qxd6 37. Qg8+ Qd8 38. Qf7 Qd2 39. Qxg6 Qxb2 40. Qe8+ Kc7 41. Nd5+ Kd6 42. Qf7 Qb1+ 43. Kh2 Qc2 44. Nxf6 Qxf2+ 45. Kh3 Qxf6 46. Qxh5 Qe6+ 47. g4 b5 48. Qh8 Qd7 49. Qb8+ Ke6 50. Qg8+ Qf7 51. Qc8+ Qd7 52. Qg8+ Qf7 1/2-1/2

[Event "Wiesbaden op 32nd"]
[Site "Wiesbaden"]
[Date "2023.08.25"]
[Round "2"]
[White "Weber, Nikita"]
[Black "Spreer, Lutz"]
[Result "1-0"]
[WhiteElo "1650"]
[BlackElo "1560"]
[PlyCount "157"]
[EventDate "2023.08.24"]
[EventType "swiss"]
[EventRounds "7"]
[EventCountry "GER"]
[SourceTitle "CBM 216 Extra"]
[Source "ChessBase"]
[SourceDate "2023.11.30"]
[SourceVersion "1"]
[SourceVersionDate "2023.11.30"]
[SourceQuality "1"]

1. Nf3 Nc6 2. d4 d5 3. Bf4 Nf6 4. e3 Bf5 5. Bb5 a6 6. Bxc6+ bxc6 7. Ne5 Bd7 8. Nd2 Rb8 9. Nb3 e6 10. c3 Bd6 11. Bg5 Be7 12. Qe2 Rb6 13. Nc5 Bc8 14. Na4 Rb5 15. Nxc6 Qd7 16. Nxe7 Qxe7 17. Nc5 0-0 18. a4 Rb6 19. f4 a5 20. 0-0 h6 21. Bh4 Kh8 22. g4 Qd6 23. Bxf6 gxf6 24. g5 Rg8 25. Kh1 e5 26. fxe5 fxe5 27. Rxf7 Qg6 28. Re7 Qxg5 29. Rxe5 Qg6 30. h4 Bh3 31. Qh2 Bg2+ 32. Kg1 Qg4 33. Qf4 Be4+ 34. Qxg4 Rxg4+ 35. Kh2 Rxb2+ 36. Kh3 Rbg2 37. Nxe4 dxe4 38. h5 R2g3+ 39. Kh2 Rxe3 40. Rf1 Rh4+ 41. Kg2 Rg4+ 42. Kh2 Re2+ 43. Kh3 Rgg2 44. Re8+ Rg8 45. Rxg8+ Kxg8 46. Kg4 Re3 47. Kf4 Rxc3 48. Kxe4 Rc4 49. Kd5 Rxa4 50. Rf6 Kg7 51. Rg6+ Kh7 52. Rc6 Rb4 53. Rxc7+ Kg8 54. Kc5 Rb3 55. d5 Kf8 56. Rh7 a4 57. Rxh6 a3 58. Ra6 Rh3 59. Ra8+ Kf7 60. Ra7+ Ke8 61. Kc6 a2 62. Rxa2 Rxh5 63. d6 Rh6 64. Kc7 Rh7+ 65. Kc8 Rh8 66. d7+ Ke7+ 67. Kc7 Rg8 68. Re2+ Kf7 69. d8Q Rxd8 70. Kxd8 Kf6 71. Kd7 Kf5 72. Kd6 Kf4 73. Kd5 Kf3 74. Re4 Kg3 75. Kd4 Kf3 76. Kd3 Kg3 77. Ke3 Kg2 78. Rg4+ Kf1 79. Rg5 1-0

[Event "Heusenstamm Sparkassen op-B 7th"]
[Site "Heusenstamm"]
[Date "2021.11.19"]
[Round "2.28"]
[White "Laux, Filip"]
[Black "Spreer, Lutz"]
[Result "1/2-1/2"]
[WhiteElo "1320"]
[BlackElo "1626"]
[PlyCount "176"]
[EventDate "2021.11.18"]
[EventType "swiss"]
[EventRounds "7"]
[EventCountry "GER"]
[SourceTitle "EXT 2023"]
[Source "ChessBase"]
[SourceDate "2022.10.05"]
[SourceVersion "1"]
[SourceVersionDate "2022.10.05"]
[SourceQuality "1"]

1. e4 d5 2. exd5 Nf6 3. Nf3 Nxd5 4. d4 g6 5. c4 Nb6 6. Nc3 Bg7 7. c5 N6d7 8. Bc4 0-0 9. 0-0 Nc6 10. Re1 Re8 11. a3 e5 12. d5 Ne7 13. b4 e4 14. Nd4 Ne5 15. Bb3 Bg4 16. Qd2 Nf5 17. Rxe4 Nxd4 18. Rxd4 Bf5 19. Bb2 Ng4 20. Rc4 Qe7 21. h3 Bh6 22. Qd1 Ne5 23. Rd4 Rad8 24. d6 cxd6 25. cxd6 Qd7 26. Ba4 Nc6 27. Nd5 Qxd6 28. Bxc6 bxc6 29. Ne3 Qc7 30. Nxf5 gxf5 31. Rxd8 Rxd8 32. Qc2 Qd7 33. Qc3 f6 34. Qxf6 Bg7 35. Qg5 h6 36. Qxg7+ Qxg7 37. Bxg7 Kxg7 38. Rc1 Rd6 39. Rc5 Kf6 40. Kf1 Ke6 41. Ke2 h5 42. Ke3 Kf6 43. Kf4 Rd4+ 44. Ke3 Re4+ 45. Kd3 Re6 46. Ra5 Re7 47. Ra6 Rd7+ 48. Kc3 Rg7 49. Rxc6+ Ke5 50. Rc5+ Ke4 51. Rc4+ Kd5 52. g3 Re7 53. Kd3 Re1 54. Rc5+ Ke6 55. Ra5 Rd1+ 56. Ke3 Rd7 57. Ra6+ Ke5 58. f4+ Kd5 59. Rf6 Kc4 60. Rc6+ Kb3 61. Ra6 Rc7 62. Kd4 Rc3 63. Ke5 Rxg3 64. Kxf5 Rxh3 65. Rxa7 Kc4 66. Kg5 Kb5 67. f5 Kb6 68. Ra5 Rh1 69. f6 h4 70. f7 Rg1+ 71. Kf6 h3 72. Rh5 Rf1+ 73. Kg7 Rg1+ 74. Kf8 Rg3 75. a4 Kc7 76. Ke7 Re3+ 77. Kf6 Rf3+ 78. Rf5 h2 79. f8Q Rxf5+ 80. Kxf5 h1Q 81. Qe7+ Kb8 82. Qd8+ Ka7 83. Qc7+ Ka8 84. Qa5+ Kb8 85. Qb6+ Ka8 86. a5 Qe4+ 87. Kf6 Qe5+ 88. Kf7 Qe8+ 1/2-1/2

[Event "Bremen Silvester op"]
[Site "Bremen"]
[Date "2018.12.27"]
[Round "2"]
[White "Goetz, Claus"]
[Black "Spreer, Lutz"]
[Result "1-0"]
[WhiteElo "1927"]
[BlackElo "1664"]
[PlyCount "109"]
[EventDate "2018.12.27"]
[EventType "swiss"]
[EventRounds "7"]
[EventCountry "GER"]
[SourceTitle "CBM 188 Extra"]
[Source "ChessBase"]
[SourceDate "2019.02.28"]
[SourceVersion "1"]
[SourceVersionDate "2019.02.28"]
[SourceQuality "1"]

1. e4 d5 2. exd5 Nf6 3. Bb5+ c6 4. Be2 cxd5 5. d4 Nc6 6. c3 e5 7. dxe5 Nxe5 8. Nf3 Bd6 9. 0-0 0-0 10. Re1 Ne4 11. Nxe5 Bxe5 12. Be3 f5 13. Bd4 Bc7 14. Nd2 Be6 15. Nf3 Ng5 16. Nxg5 Qxg5 17. Bf3 Bf7 18. Be5 Bxe5 19. Rxe5 Qf6 20. Qd4 Rfd8 21. Rd1 Rd6 22. Qf4 Be6 23. Rde1 Rad8 24. Qa4 a6 25. Qa5 Bf7 26. h3 d4 27. cxd4 Rxd4 28. Rxf5 Qd6 29. Rfe5 Rd2 30. R5e2 Rxe2 31. Rxe2 Bc4 32. Re1 b6 33. Qg5 h6 34. Qh4 Rc8 35. Qg4 Qf8 36. Rc1 h5 37. Qxh5 Bf7 38. Rxc8 Qxc8 39. Qe5 Bxa2 40. Bg4 Qd8 41. Be2 a5 42. Qc3 Be6 43. Qc6 Bd5 44. Qg6 Bf7 45. Qd3 Qf6 46. Qc2 Qe6 47. Bg4 Qe1+ 48. Kh2 Qe5+ 49. g3 Qd4 50. Bf5 Be8 51. Be6+ Kf8 52. Qf5+ Ke7 53. Bb3 Qxb2 54. Qe6+ Kf8 55. Qd6# 1-0

[Event "Regensburg Donau Cup 2nd"]
[Site "Regensburg"]
[Date "2018.05.09"]
[Round "1"]
[White "Spreer, Lutz"]
[Black "Vijayeendra, YG."]
[Result "0-1"]
[WhiteElo "1627"]
[BlackElo "2122"]
[PlyCount "92"]
[EventDate "2018.05.09"]
[EventType "swiss"]
[EventRounds "7"]
[EventCountry "GER"]
[SourceTitle "CBM 184 Extra"]
[Source "ChessBase"]
[SourceDate "2018.06.28"]
[SourceVersion "1"]
[SourceVersionDate "2018.06.28"]
[SourceQuality "1"]

1. e4 d6 2. d4 Nf6 3. Nc3 g6 4. f4 Bg7 5. Nf3 c5 6. Bc4 cxd4 7. Nxd4 0-0 8. Be3 Ng4 9. Bg1 e5 10. Ndb5 exf4 11. Nxd6 Qh4+ 12. Kf1 Nc6 13. Nd5 Bxb2 14. Rb1 Bg7 15. Nxf4 Nge5 16. g3 Qf6 17. Nxc8 Raxc8 18. Bd5 g5 19. Be3 gxf4 20. gxf4 Ne7 21. Rxb7 Nxd5 22. exd5 Qa6+ 23. Qe2 Qxb7 24. fxe5 Qxd5 25. Rg1 Qxe5 26. Rg5 Qf6+ 27. Kg1 Rfe8 28. Qd3 Rcd8 29. Qe2 Qxg5+ 30. Bxg5 Rxe2 31. Bxd8 Rxc2 32. a3 f5 33. Bg5 Ra2 34. h4 h5 35. Bf4 Kf7 36. Bd6 Ke6 37. Bf4 Rxa3 38. Kg2 a5 39. Bc1 Rb3 40. Kf2 a4 41. Kg2 a3 42. Bxa3 Rxa3 43. Kh2 f4 44. Kg2 Kf5 45. Kh1 Kg4 46. Kh2 f3 0-1

[Event "Hofheim Spring op-B 6th"]
[Site "Hofheim"]
[Date "2018.04.05"]
[Round "5"]
[White "Spreer, Lutz"]
[Black "Fuell, Klaus Dieter"]
[Result "0-1"]
[WhiteElo "1679"]
[BlackElo "1810"]
[PlyCount "134"]
[EventDate "2018.04.03"]
[EventType "swiss"]
[EventRounds "9"]
[EventCountry "GER"]
[SourceTitle "EXT 2020"]
[Source "ChessBase"]
[SourceDate "2019.10.17"]
[SourceVersion "1"]
[SourceVersionDate "2019.10.17"]
[SourceQuality "1"]

1. e4 b6 2. d4 Bb7 3. Bd3 e6 4. f4 f5 5. exf5 exf5 6. Bxf5 Qh4+ 7. g3 Qe7+ 8. Kf2 Bxh1 9. Nf3 Bxf3 10. Qxf3 Nc6 11. Be3 g6 12. Be4 0-0-0 13. Nc3 Nf6 14. Bd3 Re8 15. d5 Qxe3+ 16. Qxe3 Ng4+ 17. Kg1 Bc5 18. Qxc5 bxc5 19. dxc6 dxc6 20. Ne4 c4 21. Be2 Nxh2 22. Nc3 Rxe2 23. Nxe2 Ng4 24. Nd4 Kb7 25. Re1 Rd8 26. c3 c5 27. Ne6 Rd5 28. Nf8 Rd3 29. Re4 Rxg3+ 30. Kf1 Rh3 31. Ne6 Kb6 32. Ng5 Rh2 33. Re6+ Kb7 34. Re7 h6 35. Ne6 Rxb2 36. Nxc5+ Kc6 37. Na6 Rf2+ 38. Kg1 Rxf4 39. Re6+ Kd7 40. Nc5+ Kd8 41. Rxg6 Ke7 42. Rc6 h5 43. Re6+ Kf7 44. Rc6 h4 45. Rxc7+ Kg6 46. Rxa7 h3 47. Rg7+ Kh6 48. Rg8 h2+ 49. Kg2 Rf2+ 50. Kg3 Nf6 51. Rh8+ Nh7 52. Ne4 h1Q 53. Nxf2 Qe1 54. Kg2 Qxc3 55. Rg8 Qd2 56. Kg3 Qd6+ 57. Kh3 Ng5+ 58. Rxg5 Kxg5 59. Ne4+ Kh5 60. Nxd6 c3 61. a4 c2 62. a5 c1Q 63. a6 Qa3+ 64. Kg2 Qxd6 65. a7 Qc6+ 66. Kh3 Qd7+ 67. Kh2 Qxa7 0-1

[Event "Blankenese op 1st"]
[Site "Hamburg"]
[Date "2017.10.03"]
[Round "1.28"]
[White "Spreer, Lutz"]
[Black "Urban, Ralf Dieter"]
[Result "0-1"]
[WhiteElo "1556"]
[BlackElo "1995"]
[PlyCount "71"]
[EventDate "2017.09.30"]
[EventType "swiss"]
[EventRounds "7"]
[EventCountry "GER"]
[SourceTitle "EXT 2020"]
[Source "ChessBase"]
[SourceDate "2019.10.17"]
[SourceVersion "1"]
[SourceVersionDate "2019.10.17"]
[SourceQuality "1"]

1. e4 e5 2. Nf3 Nc6 3. Bc4 Nf6 4. d4 Nxe4 5. 0-0 d5 6. Bb5 Bd7 7. dxe5 Ne7 8. Nd4 Bxb5 9. Nxb5 Qd7 10. N5c3 Nxc3 11. Nxc3 0-0-0 12. Bg5 h6 13. Bh4 g5 14. Bg3 Nf5 15. Qf3 h5 16. e6 fxe6 17. Be5 Bg7 18. Qe2 Bxe5 19. Qxe5 Qd6 20. Qe2 Nd4 21. Qd3 e5 22. a4 a6 23. a5 c5 24. Na4 e4 25. Qd2 h4 26. b4 h3 27. bxc5 Qe5 28. f4 gxf4 29. c3 hxg2 30. Rfb1 Nf3+ 31. Kf2 e3+ 32. Kxf3 Qe4+ 33. Ke2 f3+ 34. Kd1 g1Q+ 35. Qe1 Qd3+ 36. Kc1 0-1

[Event "Liberec op 17th"]
[Site "Liberec"]
[Date "2017.03.02"]
[Round "7"]
[White "Spreer, Lutz"]
[Black "Vlkova, Anezka"]
[Result "0-1"]
[WhiteElo "1652"]
[BlackElo "1962"]
[PlyCount "82"]
[EventDate "2017.02.25"]
[EventType "swiss"]
[EventRounds "9"]
[EventCountry "CZE"]
[SourceTitle "CBM 177 Extra"]
[Source "ChessBase"]
[SourceDate "2017.04.27"]
[SourceVersion "1"]
[SourceVersionDate "2017.04.27"]
[SourceQuality "1"]

1. e4 c5 2. Nc3 d6 3. f4 Nc6 4. Nf3 g6 5. h4 Bg4 6. Bc4 Nf6 7. Bb5 Bg7 8. d3 0-0 9. Bxc6 bxc6 10. Be3 Qa5 11. Qd2 Rab8 12. 0-0-0 Qb4 13. b3 Qa3+ 14. Kb1 Nd7 15. d4 Nb6 16. Qe2 Qb4 17. Bd2 Bxf3 18. gxf3 Qxd4 19. Be1 Qf6 20. h5 Na4 21. e5 Nxc3+ 22. Bxc3 Qxf4 23. hxg6 fxg6 24. Rde1 Qxf3 25. Qh2 h6 26. Bd2 h5 27. Rhg1 Kh7 28. Qh4 Qf5 29. Qxe7 Rbe8 30. Qxa7 Rxe5 31. Ref1 Qxf1+ 32. Rxf1 Rxf1+ 33. Bc1 Ree1 34. Qa3 Rxc1+ 35. Qxc1 Rxc1+ 36. Kxc1 h4 37. a4 Bc3 38. Kb1 h3 39. Ka2 h2 40. b4 c4 41. b5 h1Q 0-1

[Event "Berlin Lichtenberger op 15th"]
[Site "Berlin"]
[Date "2016.08.18"]
[Round "6"]
[White "Spreer, Lutz"]
[Black "Mayer, Herbert"]
[Result "0-1"]
[WhiteElo "1651"]
[BlackElo "1900"]
[PlyCount "88"]
[EventDate "2016.08.13"]
[EventType "swiss"]
[EventRounds "9"]
[EventCountry "GER"]
[SourceTitle "CBM 173 Extra"]
[Source "ChessBase"]
[SourceDate "2016.08.29"]
[SourceVersion "1"]
[SourceVersionDate "2016.08.29"]
[SourceQuality "1"]

1. e4 c5 2. d4 cxd4 3. c3 dxc3 4. Nxc3 e6 5. Bc4 Nc6 6. f4 Bc5 7. Nf3 Nge7 8. f5 h6 9. Bf4 d6 10. f6 gxf6 11. Nh4 Qb6 12. Qh5 Bd7 13. 0-0-0 Be3+ 14. Bxe3 Qxe3+ 15. Kb1 Ne5 16. Bb5 Qc5 17. Qe2 0-0-0 18. Rc1 Bc6 19. Bxc6 N7xc6 20. Nd5 Qa5 21. Nxf6 Kb8 22. Rc3 Nd4 23. Qf2 Nec6 24. Rd1 Qe5 25. Rc4 h5 26. Rcxd4 Nxd4 27. Rxd4 Rh6 28. Ra4 b6 29. Ng8 Qb5 30. Rxa7 Kxa7 31. Qxf7+ Rd7 32. Ne7 Qd3+ 33. Kc1 Rc7+ 34. Nc6+ Kb7 35. Qxc7+ Kxc7 36. Ne7 Rf6 37. Nf3 Qf1+ 38. Kc2 Qxg2+ 39. Nd2 Rf2 40. Kc3 Rxd2 41. b3 Qg7+ 42. Kxd2 Qxe7 43. Ke3 Qh4 44. a4 Qxh2 0-1

[Event "Berlin Lichtenberger op 15th"]
[Site "Berlin"]
[Date "2016.08.13"]
[Round "1"]
[White "Spreer, Lutz"]
[Black "Kroencke, Manfred"]
[Result "1/2-1/2"]
[WhiteElo "1651"]
[BlackElo "2039"]
[PlyCount "152"]
[EventDate "2016.08.13"]
[EventType "swiss"]
[EventRounds "9"]
[EventCountry "GER"]
[SourceTitle "CBM 173 Extra"]
[Source "ChessBase"]
[SourceDate "2016.08.29"]
[SourceVersion "1"]
[SourceVersionDate "2016.08.29"]
[SourceQuality "1"]

1. e4 c5 2. Nc3 Nc6 3. f4 g6 4. Nf3 Bg7 5. Bb5 Nd4 6. Bc4 a6 7. 0-0 e6 8. e5 d5 9. exd6 Qxd6 10. Ne4 Nxf3+ 11. Qxf3 Qd4+ 12. Kh1 f5 13. Re1 fxe4 14. Rxe4 Qf6 15. Qb3 Ne7 16. d3 b5 17. Bxe6 c4 18. Bxc4 bxc4 19. Qxc4 Bf5 20. Re2 Rc8 21. Qb3 Qd6 22. Bd2 Rb8 23. Qc4 Rc8 24. Qb3 Rf8 25. Bb4 Qd7 26. Bxe7 Qxe7 27. Rxe7+ Kxe7 28. Re1+ Kd8 29. Qb6+ Rc7 30. Qd6+ Kc8 31. Qxa6+ Kb8 32. Qd6 Rf6 33. Re8+ Bc8 34. Qd5 Rxf4 35. g3 Rf5 36. Qd6 Rf6 37. Qd5 Rf5 38. Qb3+ Rb7 39. Qg8 Rc7 40. Rxc8+ Rxc8 41. Qxg7 Rxc2 42. Qg8+ Rc8 43. Qb3+ Ka7 44. Qa4+ Kb8 45. Qb4+ Ka7 46. Qd4+ Kb7 47. Qe4+ Kb8 48. d4 Rf2 49. Qe5+ Ka8 50. Qa5+ Kb8 51. Qe5+ Ka8 52. Qe4+ Kb8 53. Qe5+ Ka8 54. Qd5+ Kb8 55. Qd6+ Ka8 56. Qa3+ Kb8 57. Kg1 Rcc2 58. Qb4+ Ka8 59. Qa5+ Kb7 60. Qb5+ Ka8 61. Qe8+ Ka7 62. Qe3 Rfe2 63. Qa3+ Kb7 64. Qf3+ Kc8 65. Qf8+ Kb7 66. Qf7+ Kc8 67. Qg8+ Kb7 68. Qd5+ Kb8 69. Qd8+ Kb7 70. Qd7+ Kb8 71. Qb5+ Ka8 72. Qd5+ Kb8 73. Qg8+ Kb7 74. Qf7+ Kb8 75. Qf4+ Kb7 76. Qf3+ Kb8 1/2-1/2

[Event "Liberec op 15th"]
[Site "Liberec"]
[Date "2015.02.16"]
[Round "3"]
[White "Spreer, Lutz"]
[Black "Prachar, Josef"]
[Result "0-1"]
[WhiteElo "1637"]
[BlackElo "1919"]
[PlyCount "82"]
[EventDate "2015.02.14"]
[EventType "swiss"]
[EventRounds "9"]
[EventCountry "CZE"]
[SourceTitle "CBM 164 Extra"]
[Source "ChessBase"]
[SourceDate "2015.03.02"]
[SourceVersion "1"]
[SourceVersionDate "2015.03.02"]
[SourceQuality "1"]

1. e4 c5 2. Nf3 Nc6 3. d4 cxd4 4. Nxd4 Nf6 5. Nc3 d6 6. Be2 e5 7. Nb3 Be7 8. 0-0 0-0 9. Be3 a5 10. a4 Nb4 11. f4 Be6 12. Nd2 exf4 13. Bxf4 Qb6+ 14. Kh1 Rac8 15. h3 Rfd8 16. Rf3 d5 17. exd5 Nfxd5 18. Nxd5 Bxd5 19. Rg3 Nxc2 20. Rc1 Qxb2 21. Bd3 Ne3 22. Bxh7+ Kf8 23. Rb1 Nxd1 24. Rxb2 Nxb2 25. Ne4 Bxe4 26. Bxe4 Bd6 27. Bxd6+ Rxd6 28. Rb3 Nxa4 29. Rxb7 Nc5 30. Bf5 Nxb7 31. Bxc8 Nc5 32. Bf5 a4 33. Kh2 a3 34. Bb1 Rd2 35. h4 Na4 36. Kh3 Nc3 37. Bf5 a2 38. g4 a1Q 39. h5 Qg1 40. Kh4 Rh2+ 41. Kg5 Qe3# 0-1

[Event "Dortmund Sparkassen op-B"]
[Site "Dortmund"]
[Date "2014.07.19"]
[Round "8"]
[White "Gawlick, Joachim"]
[Black "Spreer, Lutz"]
[Result "0-1"]
[WhiteElo "1863"]
[BlackElo "1592"]
[PlyCount "58"]
[EventDate "2014.07.12"]
[EventType "swiss"]
[EventRounds "9"]
[EventCountry "GER"]
[SourceTitle "EXT 2022"]
[Source "ChessBase"]
[SourceDate "2021.10.06"]
[SourceVersion "1"]
[SourceVersionDate "2021.10.06"]
[SourceQuality "1"]

1. d4 b6 2. Nf3 e6 3. g3 Bb7 4. c4 Nf6 5. Bg2 Bb4+ 6. Nc3 0-0 7. 0-0 d6 8. Bg5 Nbd7 9. Rc1 h6 10. Bd2 c5 11. Nb5 Bxd2 12. Qxd2 d5 13. cxd5 Bxd5 14. Rfd1 Ne4 15. Qe3 Ndf6 16. dxc5 Ng4 17. Qf4 Ngxf2 18. Rf1 g5 19. Qc7 Qf6 20. Nd6 g4 21. Nxe4 Nxe4 22. Ne5 Qg5 23. Rf4 Rac8 24. Qxc8 Qxe5 25. Rxg4+ Ng5 26. cxb6 Rxc8 27. Rxc8+ Kh7 28. Bxd5 Qxd5 29. bxa7 Nh3+ 0-1

[Event "Dortmund Sparkassen op-B"]
[Site "Dortmund"]
[Date "2013.08.03"]
[Round "8"]
[White "Spreer, Lutz"]
[Black "Kartsev, Nikolaj"]
[Result "0-1"]
[WhiteElo "1702"]
[BlackElo "1591"]
[PlyCount "104"]
[EventDate "2013.07.27"]
[EventType "swiss"]
[EventRounds "9"]
[EventCountry "GER"]
[SourceTitle "EXT 2022"]
[Source "ChessBase"]
[SourceDate "2021.10.06"]
[SourceVersion "1"]
[SourceVersionDate "2021.10.06"]
[SourceQuality "1"]

1. e4 c5 2. Nf3 d6 3. d4 cxd4 4. Nxd4 Nf6 5. Nc3 a6 6. Be2 e6 7. 0-0 Be7 8. Be3 0-0 9. f4 Nbd7 10. f5 e5 11. Nf3 b5 12. a4 b4 13. Nd5 Bb7 14. Nxb4 Nxe4 15. Bd3 Nec5 16. Nd2 Nxd3 17. Nxd3 Bf6 18. Qg4 Kh8 19. Ne4 Bxe4 20. Qxe4 Nb6 21. Qc6 Rb8 22. a5 Qd7 23. Nb4 Qxc6 24. Nxc6 Nc4 25. Bc1 Rb5 26. b3 Rc5 27. Nb4 Rxa5 28. Rxa5 Nxa5 29. Nxa6 Rc8 30. Nb4 e4 31. Ba3 Bd4+ 32. Kh1 e3 33. Rf4 Re8 34. Nd3 e2 35. Bb4 Be3 36. Rh4 Nc6 37. Bc3 f6 38. Ne1 d5 39. Nf3 Nd4 40. Ne1 Nb5 41. Ba5 d4 42. g3 Bf2 43. Kg2 Bxe1 44. Bxe1 Na3 45. Kf2 Nxc2 46. Rf4 d3 47. Rc4 Nxe1 48. Rd4 Nc2 49. Rxd3 e1Q+ 50. Kg2 Qe2+ 51. Kg1 Ra8 52. Rd1 Ne3 0-1

[Event "Dortmund Sparkassen op-B"]
[Site "Dortmund"]
[Date "2013.08.01"]
[Round "6"]
[White "Spreer, Lutz"]
[Black "Schrimpl, Michael"]
[Result "1/2-1/2"]
[WhiteElo "1702"]
[BlackElo "1428"]
[PlyCount "136"]
[EventDate "2013.07.27"]
[EventType "swiss"]
[EventRounds "9"]
[EventCountry "GER"]
[SourceTitle "EXT 2022"]
[Source "ChessBase"]
[SourceDate "2021.10.06"]
[SourceVersion "1"]
[SourceVersionDate "2021.10.06"]
[SourceQuality "1"]

1. e4 d6 2. d4 Nf6 3. Nc3 g6 4. f4 Bg7 5. Nf3 0-0 6. Bd3 c5 7. Be3 Ng4 8. Bg1 cxd4 9. Nxd4 Nf6 10. f5 Nc6 11. Qd2 Ne5 12. 0-0-0 Nxd3+ 13. Qxd3 Qc7 14. g4 b5 15. a3 Bb7 16. Be3 Rac8 17. Rhg1 Qc4 18. Qd2 Nxe4 19. Nxe4 Bxe4 20. Rde1 Rfe8 21. Re2 Bxd4 22. Bxd4 Bd3 23. Re3 Qxd4 24. Qxd3 Qxd3 25. Rxd3 Rc5 26. h4 Rec8 27. c3 Re5 28. h5 h6 29. hxg6 fxg6 30. Rh3 Kg7 31. Rd3 Kf6 32. Rh3 Kg5 33. fxg6 Kxg6 34. Rgh1 Rh8 35. Kc2 Re2+ 36. Kb3 a5 37. Rh5 Re5 38. a4 bxa4+ 39. Kxa4 Re4+ 40. Kxa5 Rxg4 41. b4 Rg5+ 42. Rxg5+ Kxg5 43. b5 e5 44. b6 e4 45. b7 e3 46. Kb6 Kf4 47. Rxh6 Rxh6 48. b8Q Re6 49. Qf8+ Ke4 50. Qf7 Re5 51. Qg6+ Kd5 52. Qd3+ Ke6 53. Qe2 Kd7 54. c4 Re6 55. Kb7 Re5 56. Kb6 Re6 57. Kb5 Re5+ 58. Kb4 Kc6 59. Kc3 Kc5 60. Kd3 d5 61. cxd5 Kxd5 62. Qa2+ Kd6 63. Ke2 Ke7 64. Qa6 Re6 65. Qa7+ Kf6 66. Qd4+ Ke7 67. Qd5 Kf6 68. Qd8+ Kf7 1/2-1/2